[Event "Treppenturnier 2023"]
[Site "Turnierstufe"]
[Date "2024.07.19"]
[Round "37-1"]
[White "Reflection II max Rebel 5.0"]
[Black "Designer 2325"]
[Result "0-1"]
[WhiteElo "2115"]
[BlackElo "2095"]
[PlyCount "113"]

1.d4 d5 2.c4 e6 {Buchende.} 3.e3 Nf6 4.Nc3 Bb4 5.Bd2 O-O 6.Nf3 {Buchende.} 
6...c5 7.cxd5 exd5 8.a3 cxd4 9.axb4 dxc3 10.bxc3 Ne4 11.Be2 Qc7 12.Ra3 $6 ( 
12.Rc1 ) 12...Nc6 13.O-O Re8 14.Bc1 Be6 15.Nd4 Ne5 16.Nxe6 fxe6 17.Bb2 Nc4 
18.Bxc4 Qxc4 19.f3 Nd6 20.Ra1 Nb5 21.Qd2 Rac8 22.Kh1 $15 $6 {Leichter Vorteil
für Schwarz. Feld c3 ist der wunde Punkt.} 22...a6 23.Rfe1 Red8 24.Rac1 Rd6 
25.Red1 Qb3 26.Qc2 Qxc2 27.Rxc2 Rdc6 28.Rd3 b6 29.Rd1 a5 30.bxa5 bxa5 31.Ra1 
{Beide 'wissen', wie sie zu spielen haben.} 31...Ra8 32.Ra4 Nd6 33.Ba1 Rc4 
34.Rca2 Rxa4 35.Rxa4 Rb8 36.Kg1 {Nun kommt er wieder aus der Ecke ...} 36...Nc4 
37.Kf2 Kf7 38.e4 Ke7 39.exd5 exd5 40.g4 g5 ( {Etwas zwingender sind Züge wie} 
40...Rb1 {oder} ) ( 40...Kd6 ) 41.Ke2 {Will seinem Bauern helfen, aber nun
wird's eng für den Rebellen.} 41...Rb1 42.Kf2 Kd6 43.Ra2 Kc6 {Weiß ist nun
hilflos.} 44.Kg2 Kb5 45.Kf2 a4 46.Ke2 {(-2.42)} 46...a3 47.Kd3 Ka4 {(+3.30)} 
48.Kc2 Rh1 49.h3 Rxh3 ( 49...Rh2+ {HIARCS 15.3.1 sagt schom Matt in 15!:} 
50.Kb1 Nd2+ 51.Kc2 Nb3+ 52.Kb1 Rxa2 53.Kxa2 Nxa1 54.c4 dxc4 55.Kb1 Kb3 56.Kc1 
a2 57.Kd1 Nc2 58.Ke2 a1=Q 59.f4 Qh1 60.Kf2 gxf4 61.g5 Ne3 62.Ke2 Qf1+ 63.Kd2 
Qd1# ) 50.Kd3 Kb3 51.Re2 Rxf3+ 52.Kd4 Rf1 53.Re7 Rd1+ 54.Kc5 Rxa1 55.Rb7+ Kxc3 
56.Rxh7 d4 57.Ra7 {(-9.99) rESG.} 0-1

[Event "Treppenturnier 2023"]
[Site "Turnierstufe"]
[Date "2024.07.21"]
[Round "37-2"]
[White "Designer 2325"]
[Black "Reflection II max Rebel 5.0"]
[Result "1-0"]
[WhiteElo "2106"]
[BlackElo "2106"]
[PlyCount "92"]

1.e4 c5 2.Nf3 e6 3.d4 cxd4 4.Nxd4 Nc6 5.Nc3 a6 {Buchende.} 6.g3 {Buchende.} 
6...Bb4 7.Ne2 Nf6 8.Bg2 d5 9.exd5 Nxd5 10.O-O Nxc3 11.Qxd8+ Nxd8 12.bxc3 Ba5 
13.Rb1 Bd7 14.Rd1 Rc8 15.Be3 Bb5 16.Nd4 Bc4 $10 17.Bd2 O-O 18.a4 Rc7 $6 {Was hat
Rebel vor?} 19.Nb3 Bxb3 20.Rxb3 $6 ( {Warum nicht?} 20.cxb3 {...} ) 20...Rd7 
{Das hat er vor, aber es bringt nichts.} 21.Rbb1 Nc6 22.Bf4 Rxd1+ 23.Rxd1 Rd8 
24.Rxd8+ Bxd8 $10 {Alles ist in der Remisbreite.} 25.c4 g5 26.Bd6 Kg7 27.h3 Bf6 
28.g4 Bd4 29.Be4 h6 30.c5 Bc3 31.Kf1 f6 32.Ke2 Bd4 33.f3 Kf7 34.Kd3 Bb2 35.Kc4 
$14 {Weiß hat das Läuferpaar, der schwarze Läufer schaut ins Leere und der weiße
König droht, in die schwarze Stellung einzubrechen.} 35...Bc1 36.c3 Bd2 37.Bxc6 
$1 $18 {zum richtigen Zeitpunkt.} 37...bxc6 38.Kb4 Ke8 39.Ka5 f5 40.Kxa6 fxg4 
41.hxg4 e5 42.Bxe5 Kd7 {(-4.15)} 43.a5 {(+5.93)} 43...h5 44.Kb7 Be3 45.gxh5 
Bxc5 46.h6 {(+9.99)} 46...Ke6 {(-9.99) rESG. Rebel gibt auf.} 1-0

[Event "Treppenturnier 2023"]
[Site "Turnierstufe"]
[Date "2024.07.22"]
[Round "37-3"]
[White "Reflection II max Rebel 5.0"]
[Black "Designer 2325"]
[Result "1/2-1/2"]
[WhiteElo "2095"]
[BlackElo "2117"]
[PlyCount "235"]

1.d4 Nf6 2.c4 g6 3.Nc3 d5 4.cxd5 Nxd5 5.e4 Nxc3 6.bxc3 Bg7 7.Bc4 O-O 8.Ne2 c5 
9.O-O {Buchende.} 9...Nc6 {Buchende.} 10.dxc5 Qa5 11.Be3 Bxc3 $6 {Den
Fianchetto-Läufer sollte Designer nicht einfach so hergeben.} 12.Nxc3 Qxc3 
13.Bd5 Qf6 14.f4 Rd8 15.e5 Qg7 16.Qf3 Bd7 17.Rab1 Rab8 18.Rfd1 Bf5 19.Rb2 Qf8 
{Schwarz steht sehr eingezwängt, aber wie soll Rebel nun weiterkommen?} 20.h3 
e6 $10 {Alles ist abgesichert.} 21.Bc4 Rxd1+ 22.Qxd1 Rd8 23.Qa4 Qe7 24.Ba6 
{Schafft sich wieder einmal einen vorgerückten Freibauern.} 24...bxa6 25.Qxc6 
{Das sieht gefährlich aus, aber Designer hat eine Gegenattacke:} 25...Qh4 
26.Kh2 Qe1 27.Qf3 Rd3 28.Rb3 Rxb3 29.axb3 Qc3 30.Bf2 Qc2 31.g4 Be4 32.Qe3 a5 
33.Kg3 a6 34.Be1 a4 35.bxa4 Qxa4 36.Bd2 Qc4 37.Bc3 Kg7 38.Ba5 Bc6 39.Kh4 h6 
40.Bd2 Qd5 41.Kg3 Qg2+ 42.Kh4 Bf3 43.g5 ( 43.c6 $2 Bxg4 44.Qg3 Qxd2 45.hxg4 Qc2 
46.Qf3 $2 ( 46.c7 Qxc7 {...} ) 46...Qh2+ 47.Qh3 g5+ 48.fxg5 hxg5+ 49.Kxg5 Qxh3 
{...} ) 43...hxg5+ 44.fxg5 Be4 45.Ba5 Bf5 46.Bd8 Kf8 47.Ba5 Ke8 48.Bc7 Qc6 {Ist
wohl Remis, aber so lange die Damen mitspielen ...} 49.Bb6 Qa4+ 50.Kg3 Be4 
51.Qd2 Bd5 52.Ba5 Qa1 53.Qe1 Qd4 54.Bb6 Qd3+ 55.Kh2 Qf3 56.Qd2 Qe4 57.Kg3 Qxe5+ 
{... kann noch viel passieren.} 58.Kg4 Qf5+ 59.Kg3 Qf3+ 60.Kh4 Kd7 {Rest der
Partie in 1 Min/Zug (Lev 4) bzw. Rest in 1 Stunde (B6).} 61.Ba7 Kc6 62.Bb8 Qe4+ 
63.Kg3 a5 64.Bd6 ( 64.Qxa5 $2 {Überraschend schlägt Weiß den Bauern nicht,
obwohl die Widerlegung sehr langzügig ist, z.B.:} 64...Qe3+ ( 64...Qd3+ 65.Kf2 
Qf3+ 66.Ke1 Qe3+ 67.Kf1 Qc1+ 68.Ke2 Qb2+ 69.Ke3 Qxb8 {...} ) 65.Kh4 Qf2+ 66.Kg4 
Bf3+ 67.Kf4 Bg2+ 68.Ke5 Qf5+ 69.Kd4 Qe4+ 70.Kc3 Qe1+ 71.Kd4 Qxa5 {...} ) 
64...e5 65.Kf2 Qg2+ 66.Ke1 Qh1+ 67.Kf2 Qf3+ 68.Ke1 Bc4 69.Qf2 Qc3+ 70.Qd2 Qxh3 
71.Kd1 Qf3+ 72.Kc2 Qb3+ 73.Kc1 Bd3 74.Qb2 Qxb2+ 75.Kxb2 e4 76.Kc3 Kd5 77.Bc7 a4 
78.Kb4 e3 79.Bf4 e2 80.Bd2 Bc2 81.Bc3 Kc6 82.Be1 Bd1 83.Bf2 Kd5 84.Be1 Bb3 
85.Bg3 Bc2 86.Be1 Bf5 87.c6 Kxc6 88.Kxa4 Kd5 89.Kb4 Kd4 90.Kb3 Be4 91.Bd2 Kd3 
92.Be1 Bd5+ 93.Kb2 Bf3 94.Kb3 Ke3 95.Kb4 Kf4 96.Bd2+ Kg3 97.Be1+ Kg4 ( 97...Kg2 
98.Kc3 Kf1 99.Kd2 {...} ) 98.Bd2 Be4 99.Kc5 Kf3 100.Kd4 Bf5 101.Be1 Bc8 102.Kd3 
Ba6+ 103.Kd4 Kf4 104.Bd2+ Kg3 105.Be1+ Kf3 106.Kc3 Bb5 107.Kb4 Bd7 108.Kc3 Kg2 
109.Kd3 Bb5+ 110.Ke3 Bc4 111.Bh4 Kf1 112.Kd2 Bd5 113.Be1 Be6 114.Bg3 Bd7 
115.Be1 Bc6 116.Bh4 Bb7 117.Be1 Ba6 118.Bh4 {Da geht nichts mehr. Remis!} 1/2-1/2

[Event "Treppenturnier 2023"]
[Site "Turnierstufe"]
[Date "2024.07.24"]
[Round "37-4"]
[White "Designer 2325"]
[Black "Reflection II max Rebel 5.0"]
[Result "0-1"]
[WhiteElo "2116"]
[BlackElo "2096"]
[PlyCount "117"]

1.d4 d5 2.c4 e6 3.Nc3 Nf6 4.Nf3 Be7 5.Bf4 O-O 6.e3 c5 7.dxc5 Nc6 {Buchende.} 
8.cxd5 {Buchende.} 8...Nxd5 ( {Gängig ist} 8...exd5 9.Be2 Bxc5 10.O-O Be6 {...} 
) 9.Bd6 Nxc3 10.bxc3 Qa5 11.Qc2 Rd8 12.Rd1 Bf6 13.Nd4 Bd7 14.Bd3 Nxd4 $1 ( 
{Stärker als} 14...g6 ) 15.exd4 {Designer merkt auch, dass sein Gegner einen
starken Zug gefunden hat, rechnet 14 Minuten, bevor er zurückschlägt.} ( {Das
kleinere Übel ist vermutlich} 15.Bxh7+ Kh8 16.Rxd4 Bxd4 17.exd4 Ba4 18.Qd3 Rxd6 
19.cxd6 g6 20.Bxg6 fxg6 {...} ) 15...Ba4 16.Qd2 Bxd1 17.Kxd1 {Qualle und Rochade
sind futsch.} 17...Rac8 18.Ke2 b6 19.Rd1 Re8 20.Kf1 Be7 21.Bxe7 Rxe7 22.cxb6 
axb6 23.c4 Ra7 24.Qxa5 Rxa5 25.Rd2 Rca8 26.Bb1 Ra4 27.c5 bxc5 28.dxc5 Rc4 
29.Ke2 Rxc5 30.f4 g5 31.g3 Kg7 32.Bd3 Ra3 33.Kf2 gxf4 34.gxf4 Rca5 35.Bb1 R5a4 
36.f5 exf5 37.Kg2 f4 38.Kf1 f3 39.h3 Ra5 40.Kf2 Rh5 {Schwarz spielt das sehr
konsequent.} 41.Rd3 Rxd3 42.Bxd3 Rxh3 43.a4 Rh5 44.Kxf3 Ra5 45.Bb5 f5 46.Kg3 
Kf6 47.Kf4 h5 48.Kg3 Kg5 49.Kg2 f4 50.Kh3 h4 51.Kg2 Ra7 52.Bc6 Re7 53.Bb5 Kg4 
54.Kf2 f3 55.Ba6 Rc7 56.Bf1 Rc2+ 57.Ke3 Kg3 58.a5 Ra2 59.Kd4 {(-9.99) =
Aufgabe.} 0-1

[Event "Treppenturnier 2023"]
[Site "Turnierstufe"]
[Date "2024.07.24"]
[Round "38-1"]
[White "Designer 2325"]
[Black "Sapphire "]
[Result "1-0"]
[WhiteElo "2105"]
[BlackElo "2093"]
[PlyCount "79"]

1.d4 d5 2.c4 dxc4 3.Nf3 Nf6 4.e3 Bg4 5.Bxc4 e6 6.h3 Bh5 7.Nc3 Nbd7 8.O-O Bd6 
9.e4 e5 10.dxe5 Nxe5 11.Be2 O-O 12.Nd4 {Buchende.} 12...Bxe2 13.Qxe2 Ng6 14.Nf5 
Be5 15.Bg5 Qe8 {Buchende.} 16.Bxf6 Bxf6 17.Nd5 Be5 $6 ( {Besser:} 17...Bd8 
{oder auch} ) ( 17...Qe5 ) 18.f4 {Logisch.} 18...c6 19.fxe5 cxd5 20.exd5 
{(+0.90)} 20...Qxe5 {(-1.15)} 21.Qxe5 Nxe5 22.Ne7+ Kh8 23.Rac1 Nd3 $6 
{Fragwürdig, aber Designer hätte genauso gespielt.} ( {Besser ist wohl} 
23...Rab8 24.Rc7 Rfd8 25.Re1 Nd3 {...} ) 24.Rc7 Nxb2 25.Rb1 Nd3 26.Rbxb7 {Der
natürliche Zug. Stärker ist aber noch:} ( 26.d6 $1 Rad8 27.d7 Nc5 28.Rxc5 Rxd7 
29.Rc8 Rxc8 30.Nxc8 {...} ) 26...Rad8 $2 27.Nc6 Rxd5 28.Rxf7 Re8 29.Rxg7 Rh5 
30.Rxa7 Rh6 31.Nd4 Re1+ 32.Kh2 Ra6 $4 {Sehr seltsam -Harakiri! Nun geht es
schnell.} 33.Rxh7+ Kg8 {(-8.96) Sapphire gibt auf.} 34.Rag7+ {Mattankündigung,} 
34...Kf8 35.Nf5 Rh1+ 36.Kxh1 Nf2+ 37.Kh2 Rh6 38.Rxh6 Ng4+ 39.hxg4 Ke8 40.Rh8# 1-0

[Event "Treppenturnier 2023"]
[Site "Turnierstufe"]
[Date "2024.07.27"]
[Round "38-2"]
[White "Sapphire "]
[Black "Designer 2325"]
[Result "0-1"]
[WhiteElo "2083"]
[BlackElo "2115"]
[PlyCount "105"]

1.e4 c6 2.d4 d5 3.exd5 cxd5 4.c4 Nf6 5.Nc3 e6 6.Nf3 Be7 7.cxd5 exd5 8.Bb5+ Bd7 
9.Bxd7+ Nbxd7 {Buchende.} 10.Qb3 {Buchende.} 10...Nb6 11.O-O O-O 12.Re1 h6 
13.Bf4 Nh5 14.Be5 Rc8 15.h3 Nf6 16.Re2 Rc6 17.Rae1 Re6 18.Nb5 a6 $14 {Weiß hat
bereits ein paar hübsche Angriffsmarken, z.B.:} 19.Bc7 Rxe2 ( {Oder auch} 
19...Qc8 20.Rxe6 fxe6 21.Bd6 Bxd6 22.Nxd6 Qc6 23.Qb4 {...} ) 20.Rxe2 ( 
{Vorteilhafter, aber viel zu langzügig sind die Varianten nach} 20.Bxd8 Rxe1+ 
21.Nxe1 Rxd8 22.Nc3 Rd6 23.Nd3 {...} ) 20...Qd7 21.Bxb6 axb5 22.Ne5 Qf5 23.Nd3 
( {Es geht} 23.Qxb5 Qb1+ 24.Kh2 Qxa2 25.Bc7 Rc8 ( 25...Ne8 26.Ng6 fxg6 27.Rxe7 
Qc4 28.Qxc4 dxc4 {...} ) 26.Qxb7 {...} ) 23...Qd7 24.Bc5 Bxc5 {Schwarz kann
zufrieden sein, es ist nichts Schlimmes passiert, nur die Bauernstruktur hat
etwas gelitten.} 25.Nxc5 Qc6 26.Rc2 Qb6 27.Rc3 Re8 28.Re3 Qc6 29.Rxe8+ Qxe8 
30.Qc3 b6 31.Nd3 Nh5 32.Ne5 f6 33.Nd3 Qe4 34.g4 Nf4 35.Nxf4 Qxf4 36.Qe3 Qxe3 
37.fxe3 $10 {Ein remisliches Bauernendspiel.} 37...f5 38.Kf2 Kf7 39.Kg3 Kf6 
40.Kf4 g5+ 41.Kf3 b4 42.Kf2 Kg6 43.Kg2 $2 {Fehler, aber nutzt Designer das
auch?} ( 43.Kf3 Kf6 44.Ke2 Kg6 45.Kf3 {... und Remis.} ) 43...fxg4 {Richtig.} 
44.hxg4 h5 45.gxh5+ Kxh5 46.Kg3 Kg6 {Beide tappen noch im Dunklen.} 47.Kg4 
{(-0.50)} 47...b5 {(+0.71)} 48.Kf3 {(-0.80)} 48...Kf5 {(+0.98) Für Hiarcs ist es
bereits ein Matt in 25!} 49.Ke2 Ke4 50.Kf2 g4 {(+1.54)} 51.Ke2 {(-1.30)} 
51...g3 {(+3.42) beinahe verstanden.} 52.b3 {(-2.07)} 52...g2 {(+9.01) Jetzt ist
es klar.} 53.Kf2 {(rESn) Sapphire gibt auf.} 0-1

[Event "Treppenturnier 2023"]
[Site "Turnierstufe"]
[Date "2024.07.29"]
[Round "38-3"]
[White "Designer 2325"]
[Black "Sapphire "]
[Result "0-1"]
[WhiteElo "2124"]
[BlackElo "2074"]
[PlyCount "134"]

1.b3 Nf6 2.Bb2 g6 3.e4 d6 4.g3 Bg7 5.Bg2 O-O {Buchende.} 6.Ne2 {Buchende.} 
6...c5 7.O-O Nc6 8.Nbc3 Bg4 9.f3 Bd7 10.d3 Qa5 11.Qe1 Rfd8 12.Nf4 Nd4 13.Qf2 
Ne6 14.Nxe6 fxe6 15.Qd2 Ne8 16.f4 Bd4+ 17.Kh1 Nf6 18.a3 Rab8 19.Rfe1 Be8 20.f5 
e5 21.Rf1 Kg7 22.Rf3 Bc6 23.Re1 b5 24.Ra1 Ba8 25.fxg6 hxg6 26.Re1 Rh8 $15 {Es
ist Spannung auf dem Brett: Schwarz einen leichten Vorteil und kann versuchen,
über die halboffene h-Linie und auf den weißen Feldern einen Angriff zu starten,
z.B. Lc6-Ld7.} 27.h3 Rbf8 {Sapphire attackiert - aber etwas anders.} 28.Ra1 
Nxe4 ( {Stärker ist noch} 28...d5 $1 {, den Sapphire lange auf dem Schirm
hatte.} ) 29.dxe4 Rxh3+ 30.Bxh3 Rxf3 31.Bc1 $2 {Zu kurz gedacht.} ( 31.b4 ) 
31...Qxc3 32.Qh6+ Kf7 33.Qh7+ Ke8 34.Qxg6+ Rf7 35.Bb2 Qxc2 36.Bf5 Qf2 37.Bxd4 
Qxf5 38.Qxf5 Rxf5 {Die Pointe! Der Bauer ist gefesselt.} 39.Kg1 Rf3 40.Bf2 Rxb3 
41.g4 Bxe4 42.Kh2 c4 {(+6.53)} 43.Re1 {(-6.32)} 43...c3 44.Rxe4 c2 45.Re3 c1=Q 
46.Rxb3 Qc2 47.Rf3 e4 48.Rf5 e6 49.Rf6 Ke7 50.Rf4 e3 51.Kg3 e2 {Hier geht
bereits (fast) alles.} 52.g5 Qc3+ 53.Kg4 e1=Q 54.Bxe1 Qxe1 55.Rf3 d5 56.Kh3 d4 
57.g6 Qh1+ 58.Kg4 Qg2+ 59.Rg3 Qe4+ 60.Kg5 Qf5+ 61.Kh4 d3 62.Rg5 Qf2+ 63.Kh3 d2 
64.Rd5 exd5 {Mattankündigung.} 65.g7 d1=Q 66.g8=N+ Ke6 67.Nh6 Qdf3# 0-1

[Event "Treppenturnier 2023"]
[Site "Turnierstufe"]
[Date "2024.07.30"]
[Round "38-4"]
[White "Sapphire "]
[Black "Designer 2325"]
[Result "1-0"]
[WhiteElo "2085"]
[BlackElo "2113"]
[PlyCount "118"]

1.e4 e5 2.Nf3 Nc6 3.Bb5 a6 4.Ba4 Nf6 5.O-O Be7 6.Re1 b5 7.Bb3 O-O 8.c3 d6 9.h3 
Na5 10.Bc2 c5 11.d4 Qc7 12.Nbd2 Bb7 {Buchende.} 13.Nf1 {Buchende.} 13...cxd4 
14.cxd4 Rac8 15.Bd3 exd4 16.Nxd4 d5 17.exd5 Bc5 18.d6 $6 ( 18.Nf5 Nxd5 ( 
18...Bxd5 $2 19.Qd2 Rfd8 20.Qg5 Bf8 {...} ) 19.Be4 Nf6 20.Bxb7 Qxb7 {...} ) 
18...Qxd6 19.Nf5 Qc6 20.N1e3 {Der weiße Aufbau sieht schon recht anfällig aus.
Schwarz steht sehr gut und droht bereits mit einem Mattbild.} 20...Rfd8 21.Qe2 
Qe6 $6 {Nun kann Weiß sich Luft zum Atmen verschaffen.} ( 21...g6 $1 ) 22.Bd2 
b4 23.Rac1 Be4 $6 24.Bxe4 {Plötzlich hat Weiß die besseren Karten.} 24...Nxe4 
25.Rxc5 $1 {Schön. Erstaunlich, dass Sapphire diesen Zug findet. Spekulation?} 
25...Rxc5 {Alles andere verliert schnell.} ( {Ob der Novag das alles gesehen
hat?:} 25...Nxc5 26.Qg4 g6 27.Nd5 $1 Rxd5 ( 27...Qxd5 28.Ne7+ {...} ) 28.Rxe6 
Rxf5 29.Rf6 $1 b3 30.axb3 Ne4 31.Rxf5 Nxd2 {...} ) ( 25...Nc6 26.Qg4 g6 27.Nh6+ 
Kf8 ( 27...Kh8 28.Nef5 gxf5 29.Nxf5 Rg8 30.Qxe4 Qxe4 31.Rxe4 {...} ) 28.Rxc6 
Qxg4 29.Bxb4+ Kg7 ( 29...Nd6 30.Nexg4 Rxc6 31.Nxf7 Kxf7 32.Ne5+ Kg7 33.Nxc6 
{...} ) 30.Nexg4 Rxc6 31.Rxe4 {...} ) 26.Bxb4 Rxf5 27.Nxf5 Qxf5 28.Qxe4 Qxe4 
{Es geht nur der Damentausch.} 29.Rxe4 Nc6 30.Bc3 h6 31.Kf1 Kh7 32.Ra4 Rd1+ 
33.Ke2 Rd6 34.Re4 f5 35.Re8 Kg6 36.Rc8 Ne7 $6 37.Rc7 Kf7 $2 {Schlecht, denn
jetzt kommt natürlich:} 38.Bb4 Re6+ 39.Kf3 Ke8 {Und nun abtauschen und
gewinnen.} 40.Bxe7 Rxe7 41.Rc6 $6 {Sapphire macht's komplizierter, denn er kann
nicht weit genug 'blicken'.} 41...Rb7 42.b3 Ra7 43.Kf4 a5 44.Rc8+ Kd7 45.Rf8 
Kd6 46.Kxf5 Kc5 47.Kg6 Kb4 48.Rf4+ Kb5 49.Rf7 Ra6+ 50.Kxg7 Kb4 51.Rf4+ Kc3 
52.Ra4 h5 53.f4 Rd6 54.f5 Rd5 55.f6 Rg5+ 56.Kh7 Rf5 57.Kg6 Rb5 58.f7 Rb8 59.Kg7 
Rb7 {(-9.99) Designer gibt auf.} 1-0

[Event "Treppenturnier 2023"]
[Site "Turnierstufe"]
[Date "2024.08.02"]
[Round "38-5"]
[White "Designer 2325"]
[Black "Sapphire "]
[Result "1-0"]
[WhiteElo "2102"]
[BlackElo "2096"]
[PlyCount "162"]

1.e4 c5 2.Nf3 d6 3.d4 cxd4 4.Nxd4 Nf6 5.Nc3 a6 6.Bg5 e6 7.f4 Be7 8.Qf3 Qc7 
9.O-O-O Nbd7 10.Bd3 h6 11.Qh3 Nb6 {Buchende.} 12.Rhe1 e5 13.Nf5 Bxf5 14.exf5 
{Buchende. Sie kennen ihren Spanier, aber dann:} 14...O-O $6 {Die Theorie
empfieht 0-0-0...,} 15.fxe5 ( {denn nun geht bereits:} 15.Bxh6 $1 {mit starkem
Angriff, z.B.:} 15...Rfe8 16.Re3 exf4 17.Bxf4 Nc4 18.Rg3 {... Allerdings kann
Designer das alles nicht errechnen.} ) 15...dxe5 16.Bd2 Nbd7 17.Qg3 ( 17.Bxh6 
$1 {geht immer noch.} ) 17...Kh8 {(+0.07) Sapphire fühlt sich sicher.} 18.Kb1 
{(+0.35) Und Designer sucht nach einer Idee.} 18...Rfd8 19.Ne4 Rac8 20.c3 $10 
Nc5 21.Nxc5 Bxc5 22.Bc2 Bd6 23.Qf3 Rd7 24.g4 Bc5 25.g5 hxg5 26.Bxg5 Rxd1+ 
27.Bxd1 {Weiß droht nun mit Turmzügen wie Te4 oder Tg1.} 27...Rd8 28.Qg3 Qe7 
29.Ba4 b5 $2 {(-1.11) Sapphire sieht den folgenden Einschlag ...} 30.Rxe5 $18 
{... (+2.00), aber nicht die weiterreichenderen Konsequenzen.} 30...Qd6 31.Bb3 
Bf2 ( 31...Ba7 32.Qh3+ Kg8 33.Re6 Qd3+ 34.Qxd3 Rxd3 {...} ) ( 31...Rf8 32.Bxf6 
Qxf6 ( 32...gxf6 33.Qh3+ Kg7 34.Qg2+ Kh7 35.Re4 Qd3+ 36.Bc2 Qxe4 37.Qxe4 {...} 
) 33.Rxc5 {...} ) 32.Qh3+ Kg8 33.Re6 Qd3+ 34.Qxd3 Rxd3 {(-2.34)} 35.Rxa6 Ne8 
36.Ra8 Kf8 37.Rb8 Rd7 38.a4 Bg1 39.h3 b4 40.cxb4 f6 41.Be6 Rd4 42.Bc1 Ke7 
43.Rb7+ Kd6 44.Rd7+ Ke5 45.Re7 Nd6 46.Rxg7 Rd1 47.Kc2 Rf1 48.h4 Bd4 49.Rg4 Nxf5 
50.Bxf5 Rxf5 51.Rg2 Rh5 52.Rh2 Kd5 53.b3 Bg1 54.Rd2+ Ke6 55.Rg2 Bd4 56.Rh2 Be5 
57.Rh3 f5 58.Bg5 Rh8 59.Kd2 f4 60.b5 Bc7 {Rest in je 1 Stunde. Bisher tritt
Designer ein wenig auf der Stelle.} 61.Ke2 Re8 62.Rc3 Ba5 63.Rd3 Kf5+ 64.Kf3 
Re1 65.Rd5+ Ke6 66.Rc5 Rf1+ 67.Kg2 Rb1 68.Bxf4 Rb2+ 69.Kf1 Rxb3 70.Rc6+ Kd5 
71.Bc1 Rb1 72.Ke2 Ra1 73.Ra6 Rxa4 74.Be3 Ra2+ 75.Kf3 Ra1 76.Bd2 Rf1+ 77.Ke2 
Bxd2 78.Kxf1 Kc5 79.Ke2 Bf4 80.Rf6 Be5 81.Rf5 Kd6 {(rESn) Sapphire gibt auf.} ( 
81...Kd6 {Matt in 12} 82.Rxe5 Kxe5 83.h5 Kf6 84.b6 Kg5 85.b7 Kxh5 86.b8=Q Kg6 
87.Qf8 Kh7 88.Kd3 Kg6 89.Ke4 Kh7 90.Kf4 Kg6 91.Qe7 Kh6 92.Kf5 Kh5 93.Qg5# ) 1-0

[Event "Treppenturnier 2023"]
[Site "Turnierstufe"]
[Date "2024.08.04"]
[Round "39-1"]
[White "Designer 2325"]
[Black "Master Chess"]
[Result "0-1"]
[WhiteElo "2112"]
[BlackElo "2112"]
[PlyCount "84"]

1.Nc3 {Buchende.} 1...Nf6 2.e4 e5 {Wieder aus dem Buch:} 3.Nf3 Nc6 4.d4 exd4 
5.Nxd4 Bb4 6.Nxc6 bxc6 7.Bd3 d5 8.exd5 cxd5 9.O-O O-O 10.Bg5 {Erneut Buchende.} 
10...c6 11.Qf3 Be7 12.Rae1 Rb8 {Buchende.} 13.b3 Bb4 14.Qf4 Be6 15.Qh4 h5 
16.Bd2 Qa5 17.Qg3 h4 18.Qe5 Rfe8 19.a3 Qxa3 20.Ra1 Bd6 21.Rxa3 Bxe5 22.Rxa7 h3 
23.g3 Nd7 24.Na4 $6 {Designer kommt immer mehr auf Abwege. Die Musik spielt in
der Mitte und am Königsflügel.} 24...Bd4 25.Rc7 $2 {Abseits.} 25...Ne5 26.Be2 
Bg4 27.Bxg4 Nxg4 28.Bc3 Bxc3 29.Nxc3 Re6 {Defensiv gespielt.} ( {Stärker ist} 
29...d4 $1 30.Na2 Re2 31.Nc1 Rxc2 32.Nd3 Rxb3 {...} ) 30.f3 Ne3 31.Rc1 Rbe8 
32.Ne2 Ng4 ( {Master Chess ist kombinatorisch überlegen, aber diese schöne
Abwicklung verpasst er:} 32...Nd1 $1 33.Rxd1 Rxe2 34.Rxc6 Rg2+ 35.Kf1 Rxh2 
36.Rxd5 Ra8 37.Rcd6 Ra1+ 38.Rd1 Rxd1+ 39.Rxd1 Rh1+ 40.Ke2 Rxd1 41.Kxd1 {...} ) 
33.fxg4 $2 ( {Aber auch die beste Erwiderung rettet nichts mehr:} 33.Re1 Rxe2 
34.Rxe2 Rxe2 35.fxg4 Rg2+ 36.Kf1 Rxh2 {...} ) 33...Rxe2 {Der Fidelity ahnt
Böses, rechnet glatt 30 Minuten und spielt:} 34.Ra7 {Der Morschi antwortet
schnell mit:} 34...Rg2+ {Für Hiarcs ist längst ein Matt in Sicht.} 35.Kf1 Rxh2 
36.Rca1 Ree2 37.Rxf7 {Er sieht das Matt.} 37...Kxf7 {Mattankündigung.} 38.Ra7+ 
Ke6 39.Rf7 Rxc2 40.Re7+ Kxe7 41.Kg1 Rcg2+ 42.Kf1 Rh1# 0-1

[Event "Treppenturnier 2023"]
[Site "Turnierstufe"]
[Date "2024.08.06"]
[Round "39-2"]
[White "Master Chess "]
[Black "Designer 2325"]
[Result "1/2-1/2"]
[WhiteElo "2122"]
[BlackElo "2102"]
[PlyCount "92"]

1.d4 Nf6 2.Nf3 g6 3.c4 Bg7 4.g3 O-O 5.Bg2 d6 {Buchende.} 6.O-O {Buchende.} 
6...Nc6 7.d5 Na5 8.Na3 c5 9.Bf4 a6 10.Re1 Qb6 11.Qd3 Bf5 12.e4 Nxe4 13.Rxe4 
Qxb2 14.Rae1 Bc3 15.Bd2 Bxd2 16.Qxd2 Qxa3 $6 ( {Schwarz sollte wohl besser die
Damen tauschen} 16...Qxd2 17.Nxd2 Bxe4 18.Nxe4 {...} ) 17.Qh6 {Master Chess hat
nun Mattdrohungen.} 17...Qc3 18.Re5 $1 {Stark gespielt.} 18...Qxf3 {Was sonst?} 
( 18...Qxe5 19.Rxe5 f6 20.Rxe7 Rf7 21.Rxf7 Kxf7 22.Qxh7+ {...} ) ( 18...dxe5 
19.Ng5 Qxe1+ 20.Bf1 Qxf1+ 21.Kxf1 Bh3+ 22.Kg1 Rfb8 23.Qxh7+ Kf8 24.Qh8# ) 
19.Bxf3 dxe5 20.g4 Bd7 21.Rxe5 Rae8 22.Qc1 f6 23.Re1 b6 24.h4 Kh8 {(-0.50)} 
25.Qc3 {(+0.7)} ( 25.Qf4 {HIARCS 15.3.1 sagt (+4.75) bei 24 komplett
durchgerechneten Halbzügen, mit dieser Variante:} 25...e5 26.dxe6 Rxe6 27.Rxe6 
Bxe6 28.Bd5 Bxd5 29.cxd5 Kg8 30.Qd6 Nc4 31.Qe6+ Rf7 32.f4 h5 33.gxh5 gxh5 34.d6 
Nxd6 35.Qxd6 c4 36.Qxb6 c3 37.Qxa6 Rg7+ 38.Kf1 Rg6 39.Qc8+ Kg7 40.Qc7+ Kh6 
41.Qxc3 Kg7 42.Qc7+ Kf8 {... andere Welten!} ) 25...Rf7 26.Rb1 Rb8 27.Rxb6 Rxb6 
28.Qxa5 Rb1+ 29.Kg2 e5 30.Qxc5 Rc1 31.h5 gxh5 32.gxh5 h6 33.Be4 $6 {Droht zwar
vernichtend 34. Lg6, aber gut ist der Zug nicht, wegen des nun folgenden Zuges.} 
( 33.Kh2 {bringt den König aus der direkten Schusslinie,} ) 33...f5 {Kein
Ausrufezeichen, denn es ist der einzige vernünftige Gegenzug - aber mit
Ausgleich! Nun spielt Designer wieder mit.} 34.Qd6 Rg7+ 35.Kh2 Rxc4 {(0.00)
Sieht das Remis.} 36.Qf8+ {(+0.40) Master Chess nicht.} 36...Kh7 37.Bxf5+ Bxf5 
38.Qxf5+ {(+0.5) Immer noch nicht.} 38...Kg8 39.Kh3 Rc1 40.Qe6+ Kh7 41.Kh2 Rc4 
42.Kh3 {(0.0) Er akzeptiert es.} 42...Rc1 43.Qf5+ Kg8 44.Kh2 Rc4 45.Qe6+ Kh7 
46.Kh3 Rc1 {und beide reklamieren Remis 3x.} 1/2-1/2